书目信息 |
| 题名: |
莎士比亚全集
|
|
| 作者: | 莎士比亚 , Shakespeare 著 | |
| 分册: | 十 | |
| 出版信息: | 北京 人民文学出版社 1978 |
|
| 页数: | 364页 | |
| 开本: | 20cm | |
| 丛书名: | ||
| 单 册: | ||
| 中图分类: | I561.33 , I561.1 | |
| 科图分类: | ||
| 主题词: | 戏剧--剧本--英国--中世纪--选集 | |
| 电子资源: | ||
| ISBN: | ||
| 000 | 00692nam0 2200253 45 | |
| 001 | 0178003617 | |
| 005 | 20040409144334.4 | |
| 010 | @dCNY1.10 | |
| 091 | @a10019.2607 | |
| 100 | @a19950721d1978 em y0chiy0121 ea | |
| 101 | 1 | @achi |
| 102 | @aCN@b110000 | |
| 105 | @ay z 000by | |
| 106 | @ar | |
| 200 | 10 | @a莎士比亚全集@Asha shi bi ya quan ji@h十@f(英)莎士比亚(W.Shakespeare)著 |
| 210 | @a北京@c人民文学出版社@d1978 | |
| 215 | @a364页@d20cm | |
| 606 | @a戏剧@x剧本@y英国@z中世纪@x选集 | |
| 690 | @aI561.33@v3 | |
| 690 | @aI561.1 | |
| 701 | 1 | @a莎士比亚@Asha shi bi ya@bW.@4著 |
| 701 | 1 | @aShakespeare@bW.@4著 |
| 801 | 0 | @aCN@bNLC@c20040409 |
| 905 | @f1@b120833@dI561.1@e125:10 | |
| 莎士比亚全集.十/(英)莎士比亚(W.Shakespeare)著.-北京:人民文学出版社,1978 |
| 364页;20cm |
| ISBN :CNY1.10 |
| ● |
| 相关链接 |
|
|
|
|
正题名:莎士比亚全集
索取号:I561.1/125:10
 
预约/预借
| 序号 | 登录号 | 条形码 | 馆藏地/架位号 | 状态 | 备注 |
| 1 | 0000789 | 001894267 | 密集书库/ [索取号:I561.1/125:10] | 在馆 | |
| 2 | 0032020 | 000681122 | 第二借阅区/ [索取号:I561.1/125:10] | 在馆 | |
| 3 | 0120832 | 000681060 | 第二借阅区/ [索取号:I561.1/125:10] | 在馆 | |
| 4 | 0120833 | 000680962 | 第二借阅区/ [索取号:I561.1/125:10] | 在馆 | |
| 5 | 0120834 | 202118975 | 第一样本阅览室/ [索取号:I561.1/125:10] | 在馆 | |
| 6 | 0120835 | 000681079 | 第二借阅区/ [索取号:I561.1/125:10] | 在馆 | |
| 7 | 0120836 | 000681113 | 第二借阅区/ [索取号:I561.1/125:10] | 在馆 |